Statistics for 2017 NBA All-Stars

Click here to take the quiz!

General Stats

  • This quiz has been taken 4,898 times
    (4,470 since last reset)
  • The average score is 17 of 25

Answer Stats

Answer% Correct
LeBron James
99%
Stephen Curry
97%
Kevin Durant
94%
Kyrie Irving
89%
Russell Westbrook
89%
Klay Thompson
85%
James Harden
82%
Draymond Green
80%
Anthony Davis
76%
Giannis Antetokounmpo
76%
Kawhi Leonard
72%
Paul George
70%
DeMar DeRozan
67%
DeMarcus Cousins
64%
Kyle Lowry
64%
Kevin Love
62%
Carmelo Anthony
61%
Isaiah Thomas
59%
Jimmy Butler
59%
John Wall
55%
DeAndre Jordan
51%
Marc Gasol
47%
Kemba Walker
45%
Gordon Hayward
40%
Paul Millsap
38%

Score Distribution

Percentile by Number Answered

Percent of People with Each Score

Your Score History

You have not taken this quiz since the last reset